La conducta admirable de la divina providencia en salvar al hombre por medio de Jesucristo

Detalles Bibliográficos
Autor principal: LIGORIO, Alfonso de (San)
Formato: Libro
Publicado: Madrid 1851
Materias:
Colección:Banco de datos
Acervo:Biblioteca del Ex Convento de Nuestra Señora de Guadalupe. Zacatecas
Descripción Física:2a. parte
Tema general:Ascética
Notas:Regular. II,1,6(303). Encuadernada con la primera parte de esta misma obra. Sin marca de fuego
LEADER 00804nam a22002050004500
035 |a 40005 
036 |a 1189 
100 1 |a LIGORIO, Alfonso de (San) 
245 1 0 |a La conducta admirable de la divina providencia en salvar al hombre por medio de Jesucristo 
260 |a Madrid  |b Imprenta de Ancos  |c 1851 
300 |a 2a. parte 
500 |a Regular. II,1,6(303). Encuadernada con la primera parte de esta misma obra. Sin marca de fuego 
650 1 0 |a Ascética 
949 |a CRZ-CG 
959 |a Ex convento de Nuestra Señora de Guadalupe, Museo Regional de Zacatecas, Zacatecas  |b CCC4 
960 |a Convento de Nuestra Señora de Guadalupe, Zacatecas  |b DD87 
961 |a Franciscana  |b OF 
942 |c CRZ-CG 
943 |g Biblioteca del Ex Convento de Nuestra Señora de Guadalupe. Zacatecas 
999 |c 964132  |d 964132